000 00377nam a2200133Ia 4500
005 20260326100045.0
008 260326s9999||||xx |||||||||||||| ||und||
100 _aGonzález Cháves, Alfredo
245 0 _aLa Casa cósmica talamamqueña y sus simbolos /
_cAlfredo González Cháves
260 _bE.U.N.E.D
300 _a174 p.
650 _aARQUITECTURA VERNACULAR
942 _cBK
999 _c7165
_d7165